| 000 | 01416cam a22002894a 4500 | ||
|---|---|---|---|
| 001 | 15343862 | ||
| 003 | ARRUPE | ||
| 005 | 20131028174256.0 | ||
| 008 | 080625s2008 mnu b 001 0 eng | ||
| 010 | _a 2008028273 | ||
| 020 | _a9780814662199 (pbk.) | ||
| 040 |
_aDLC _cDLC _dDLC |
||
| 050 | 0 | 0 |
_aBX1975 _b.B35 2008 |
| 100 | 1 |
_aBaldovin, John F. _q(John Francis), _d1947- _93064 |
|
| 245 | 1 | 0 |
_aReforming the liturgy : _ba response to the critics / _cJohn Baldovin. |
| 260 |
_aCollegeville, Minn. : _bLiturgical Press, _cc2008. |
||
| 300 |
_axi, 188 p. ; _c23 cm. |
||
| 500 | _a"A Pueblo book." | ||
| 504 | _aIncludes bibliographical references (p. 174-183) and index. | ||
| 505 | 0 | _aIntroduction -- The philosophical critique -- The historical basis of the reform -- A theological critique -- Liturgy as ritual : the critique from sociology and anthropology -- Major issues -- Conclusion: A way forward -- Appendix: Berakah response : the uses of liturgical history. | |
| 610 | 2 | 0 |
_aCatholic Church _xLiturgy _xHistory _y20th century. _93065 |
| 650 | 0 |
_aLiturgical movement _xCatholic Church _xHistory _y20th century. _93066 |
|
| 856 | 4 | 1 |
_3Table of contents only _uhttp://www.loc.gov/catdir/toc/ecip0822/2008028273.html |
| 906 |
_a7 _bcbc _corignew _d1 _eecip _f20 _gy-gencatlg |
||
| 942 |
_2lcc _cMONOGRAPH |
||
| 999 |
_c118475 _d118475 |
||